000 01123pam a2200313 a 4500
001 015748160
003 OSt
005 20201128021019.0
008 110202t2012 njudo f b 001 0 eng d
020 _a9780132378154
020 _a0132378159
040 _aStDuBDS
_beng
_cStDuBDS
_dUk
_dEG-ScBUE
043 _an-us---
082 0 0 _a658.0220973
_bSCA
_222
100 1 _aScarborough, Norman M.
_91573
245 1 0 _aEffective small business management :
_ban entrepreneurial approach /
_cNorman M. Scarborough.
250 _a10th ed., International ed.
260 _aUpper Saddle River :
_bPearson Education, Inc. :
_bPearson Prentice Hall,
_cc.2012.
300 _a887 p. :
_bchart, photographs ;
_c28 cm.
500 _aIndex : p. 867-887.
500 _aIncludes appendix.
504 _aIncludes bibliographical references.
650 0 _aSmall business
_zUnited States
_xManagement.
_934925
650 0 _aSmall business
_xManagement.
_9238
650 0 _aNew business enterprises
_zUnited States
_xManagement.
_934926
653 _bBUSADM
_cJanuary2014
_cApril2015
655 _vtext book
_933728
942 _2ddc
_k658.022 SCA
999 _c17963
_d17935